| 000 | 01698nam a22002177a 4500 | ||
|---|---|---|---|
| 005 | 20260306101300.0 | ||
| 008 | 220516b ||||| |||| 00| 0 eng d | ||
| 020 | _a0330256882 | ||
| 040 | _cAL | ||
| 041 | _aEnglish | ||
| 082 |
_223 _a863 _bMARL |
||
| 100 |
_aGabriel Garcia Marquez _9257943 |
||
| 245 | _aLeaf strom and other stories | ||
| 260 |
_aLondon _bPan Books _c1979 |
||
| 300 |
_a146 p. _bPB _c20x13 cm. |
||
| 520 | _aContains the Novella Leaf Storm: 'SUDDENLY, AS IF A WHIRLWIND HAD SET DOWN ROOTS IN THE CENTRE OF THE TOWN, THE BANANA COMPANY ARRIVED, PURSUED BY THE LEAF STORM' As a blizzard of warehouses and amusement parlours and slums descends on the small town of Macondo, the inhabitants reel at the accompanying stench of rubbish that makes their home unrecognisable. When the banana company leaves town as fast as it arrived, all they are left with is a void of decay. Living in this devastated and soulless wasteland is one last honourable man, the Colonel, who is determined to fulfil a long standing promise, no matter how unpalatable it may be. With the death of the detested Doctor, he must provide an honourable burial - and incur the wrath of the rest of Macondo, who would rather see the Doctor rot, forgotten and unattended. Also contains the stories: The Handsomest Drowned Man in the World, A Very Old Man With Enormous Wings, Blacaman the Good, Vendor of Miracles, The Last Voyage of the Ghost Ship, Monologue of Isabel Watching It Rain in Macondo, Nabo | ||
| 650 |
_aMacondo (Imaginary place) -- Fiction _937359 |
||
| 650 |
_aSpanish fiction -- 20th century -- Translations into English _937360 |
||
| 700 |
_aRabassa Gregory Tr _937362 |
||
| 942 |
_2ddc _cGF |
||
| 999 |
_c222948 _d222948 |
||